Statistics for Geography Answer Chain Quiz #2

Click here to take the quiz!

General Stats

  • This quiz has been taken 140 times
  • The average score is 11 of 20

Answer Stats

HintAnswer% Correct
Largest country in Africa (previously owned by the final answer).Algeria
95%
Ocean that borders the above.Atlantic
94%
African country that comes next in alphabetical order after the above.Angola
85%
Country that is closest to the above.Canada
85%
Most populous city of the above.Toronto
84%
Largest island in the above.Greenland
82%
Lake that borders the above.Ontario
73%
Famous natural landmark that feeds into the above.Niagara Falls
68%
Capital of the above.Luanda
66%
State where you can visit the above.New York
65%
Larger mountain range the above is part of.Appalachian
62%
Largest country that borders the above.France
60%
Empire that owned most of the continent the above is found in.Spain
48%
Mountain range with another species of the above.Andes
44%
Mountain range found entirely in the above.Adirondack
31%
Well-known endangered bird found in the above.California Condor
27%
Popular national park at the southern end of the above.Great Smoky Mountains
18%
Famous parkway that drives through the above.Blue Ridge
17%
Record broken by the above.Most Visitors
11%
Location that is 2nd place in the above.Grand Canyon
10%

Score Distribution

Percentile by Number Answered

Percent of People with Each Score

Your Score History

You have not taken this quiz